Kuroshio current : (Record no. 15555)

MARC details
000 -LEADER
fixed length control field 01592 a2200301 4500
001 - CONTROL NUMBER
control field TB12853
003 - CONTROL NUMBER IDENTIFIER
control field IN-BhIIT
005 - DATE AND TIME OF LATEST TRANSACTION
control field 20260617174517.0
008 - FIXED-LENGTH DATA ELEMENTS--GENERAL INFORMATION
fixed length control field 260617b |||||||| |||| 00| 0 eng d
020 ## - INTERNATIONAL STANDARD BOOK NUMBER
ISBN 9781119428343 (hbk.)
040 ## - CATALOGING SOURCE
Original cataloging agency IN-BhIIT
041 ## - LANGUAGE CODE
Language code of text eng
082 ## - DEWEY DECIMAL CLASSIFICATION NUMBER
Classification number 551.462
Book number NAG/K
100 ## - MAIN ENTRY--AUTHOR NAME
Personal name Nagai, Takeyoshi
Relator term Author
245 ## - TITLE STATEMENT
Title Kuroshio current :
Sub Title physical, biogeochemical, and ecosystem dynamics /
Statement of responsibility, etc Takeyoshi Nagai, Hiroaki Saito, Koji Suzuki, Motomitsu Takahashi
260 ## - PUBLICATION, DISTRIBUTION, ETC. (IMPRINT)
Place of publication Washington D.C :
Name of publisher AGU Publication,
Year of publication 2019.
300 ## - PHYSICAL DESCRIPTION
Number of Pages x, 312 p. :
Other physical details(ill.) ill. ;
Dimensions(size) 32 cm.
504 ## - BIBLIOGRAPHY, ETC. NOTE
Bibliography, etc Includes bibliographical references and index.
520 ## - SUMMARY, ETC.
Summary, etc The surface water of the Kuroshio, a western boundary current in the North Pacific Ocean, is nutrient-depleted and has relatively low primary productivity, yet abundant fish populations are supported in the region. This is called the “Kuroshio Paradox”. Kuroshio Current: Physical, Biogeochemical and Ecosystem Dynamics presents research from a multidisciplinary team that conducted observational and modeling studies to investigate this contradiction. This timely and important contribution to the ocean sciences literature provides a comprehensive analysis of the Kuroshio.
650 ## - SUBJECT ADDED ENTRY--TOPICAL TERM
Topical Term Ocean currents
Topical Term Ocean circulation
Topical Term Kuroshio
Topical Term Ocean engineering
700 ## - ADDED ENTRY--PERSONAL NAME
Personal name Saito, Hiroaki
Relator term Joint author
Personal name Suzuki, Koji
Relator term Joint author
Personal name Takahashi, Motomitsu
Relator term Joint author
942 ## - ADDED ENTRY ELEMENTS (KOHA)
Koha item type Text Book
Holdings
Withdrawn status Lost status Damaged status Not for loan Collection code Home library Current library Shelving location Date acquired Source of acquisition Cost, normal purchase price Full call number Accession Number Cost, replacement price Price effective from Koha item type
Not withdrawn Not Lost not damaged   SEOCS Central Library, IIT Bhubaneswar Central Library, IIT Bhubaneswar Textbook Section 16/06/2026 26 14701.03 551.462 NAG/K TB12853 20138.40 16/06/2026 Text Book

Central Library, Indian Institute of Technology Bhubaneswar, 4th Floor, Administrative Building, Argul, Khordha, PIN-752050, Odisha, India
Phone: +91-674-7138750 | Email: circulation.library@iitbbs.ac.in (For circulation related queries),
Email: info.library@iitbbs.ac.in (For other queries)